| 000 | 00980nam a2200265 i 4500 | ||
|---|---|---|---|
| 001 | bg | ||
| 245 | 0 | 0 |
_aChoroby roślin w uprawach rolniczych / _cpod red. Selima Kryczyńskiego ; [zespół aut. Selim Kryczyński et al.] ; Szkoła Główna Gospodarstwa Wiejskiego w Warszawie. |
| 260 |
_aWarszawa : _bWydaw. SGGW, _c2002. |
||
| 300 |
_a165 s. ; _c24 cm. |
||
| 650 | 9 |
_aRośliny uprawne _xchoroby |
|
| 655 | _aPodręczniki akademickie | ||
| 700 | 1 |
_aKryczyński, Selim. _eRed. |
|
| 710 | 0 | _aSzkoła Główna Gospodarstwa Wiejskiego (Warszawa) | |
| 015 | _aPB 515/2003 | ||
| 020 | _a8372443424 | ||
| 040 | _cBPK | ||
| 041 | 0 | _apol | |
| 080 | _a632 | ||
| 080 | _a(075.8) | ||
| 920 | _a83-7244-342-4 | ||
| 942 | _cKS | ||
| 008 | s pl f |000 0 pol | ||
| 999 |
_c46780 _d46780 |
||
| 856 |
_uhttp://koha.tu.koszalin.pl/cgi-bin/koha/opac-detail.pl?biblionumber=46780 _yKatalog online BPK |
||